Neither Starts Nor Ends (South America) Quiz Stats

 Plays Quiz Updated Dec 23, 2017

Challenge
Share
Tweet
Embed
Score 0/14 Timer 01:00
5 Plays Today
% Correct
???
64.1%
???
62.1%
???
61.5%
???
54.2%
???
53%
???
51.9%
???
45.9%
% Correct
???
44.7%
???
44.4%
???
44.2%
???
31.5%
???
27.6%
???
26%
???
23.8%

You're not logged in!

Compare scores with friends on all Sporcle quizzes.
OR
Log In

You Might Also Like...

Show Comments

Extras

Top Quizzes Today


Score Distribution

Your Account Isn't Verified!

In order to create a playlist on Sporcle, you need to verify the email address you used during registration. Go to your Sporcle Settings to finish the process.

Report this User

Report this user for behavior that violates our Community Guidelines.

Details: